Public relations in pakistan / (Record no. 190826)
[ view plain ]
| 000 -LEADER | |
|---|---|
| fixed length control field | 00736 a2200181 4500 |
| 003 - CONTROL NUMBER IDENTIFIER | |
| control field | Nust |
| 005 - DATE AND TIME OF LATEST TRANSACTION | |
| control field | 20230119150015.0 |
| 020 ## - INTERNATIONAL STANDARD BOOK NUMBER | |
| International Standard Book Number | 969-370139-9 |
| 040 ## - CATALOGING SOURCE | |
| Transcribing agency | Nust |
| 082 ## - DEWEY DECIMAL CLASSIFICATION NUMBER | |
| Classification number | 659.295491,MAS |
| 100 ## - MAIN ENTRY--PERSONAL NAME | |
| Personal name | Masood, Alauddin |
| 9 (RLIN) | 3839 |
| 245 ## - TITLE STATEMENT | |
| Title | Public relations in pakistan / |
| Statement of responsibility, etc. | Alauddin Masood, |
| 260 ## - PUBLICATION, DISTRIBUTION, ETC. | |
| Place of publication, distribution, etc. | Islamabad |
| Name of publisher, distributor, etc. | National Book Foundation |
| Date of publication, distribution, etc. | 1991 |
| 300 ## - PHYSICAL DESCRIPTION | |
| Extent | 99 p |
| 505 ## - FORMATTED CONTENTS NOTE | |
| Formatted contents note | Definition (Page-13), Nature of PR (Page-15), Importance of PR (Page-22), Origin and Development in Pakistan (Page-25), Performance (Page-40), PR in Crisis Management (Page-49), Ethics in PR (Page-55), Publicity Campaigns (Page-66), Recommendations and Conclusions (Page-87). |
| 650 ## - SUBJECT ADDED ENTRY--TOPICAL TERM | |
| Topical term or geographic name entry element | Public relations in pakistan |
| 9 (RLIN) | 107146 |
| 942 ## - ADDED ENTRY ELEMENTS (KOHA) | |
| Source of classification or shelving scheme | |
| Koha item type | Book |
| Withdrawn status | Lost status | Source of classification or shelving scheme | Damaged status | Not for loan | Permanent Location | Current Location | Shelving location | Date acquired | Full call number | Barcode | Date last seen | Price effective from | Koha item type | Public note |
|---|---|---|---|---|---|---|---|---|---|---|---|---|---|---|
| Military College of Signals (MCS) | Military College of Signals (MCS) | General Stacks | 12/12/2016 | 659.295491,MAS | MCS5985 | 12/08/2016 | 12/12/2016 | Book | Almirah No.55, Shelf No.4 |
